000 01051nam a22002297a 4500
005 20210325205030.0
008 s2553 th ||||| |||| 00| 0 tha d
020 _a9789744172075
050 _aPL4206.5 จ657ค 2553
100 0 _aจุลจอมเกล้าเจ้าอยู่หัว, พระบาทสมเด็จพระ
245 1 0 _aโคลงเรื่องพระราชนิพนธ์ ในรัชกาลที่ 5
260 3 _aกรุงเทพฯ :
_bกรมศิลปากร,
_c2553
300 _a115 หน้า :
_b ภาพประกอบ ;
_c 22 ซม.
610 _aกรมศิลปากร. สำนักหอจดหมายเหตุแห่งชาติ
650 0 4 _aกวีนิพนธ์ไทย
650 0 4 _aโคลง
850 _aNALT
942 _cGB
997 _a38069 ฉ.1 /38070 ฉ.2
997 _c000000000062445
998 _aนางสุกัญญา กัลยา
999 _c62445
_d62445